00385 a2200109 4500001001000000005001700010008004100027245004600068100002000114773012400134999001700258ART_2323320260410161929.0260409a 10aPersonas Juridicas de existencia posible.1 aPaolantonio, R.0 tRevista de la Facultad de Ciencias Económicas de la Universidad de Cuyog- Año II, Nº 6 (ago./dic. 1950)wREV22981 c28447d28447